| 000 | 00815nam a2200241Ia 4500 | ||
|---|---|---|---|
| 003 | OSt | ||
| 005 | 20220923224605.0 | ||
| 006 | a|||||r|||| 00| 0 | ||
| 007 | ta | ||
| 008 | 220922b |||||||| |||| 00| 0 hin d | ||
| 024 | _a244,472 | ||
| 037 | _cTextual | ||
| 040 |
_aARTS _cARTS _bhin |
||
| 041 |
_2hin _ahin |
||
| 082 | _a/\3:864, 15P4 | ||
| 100 | _aशास्त्री, नेमिचन्द्र | ||
| 245 | 0 | _aकेवलज्ञानप्रश्नचूडामणि | |
| 246 | _aKevalajnyānaprashnachūḍāmaṇi | ||
| 260 |
_aनई दिल्ली _b भारतीय ज्ञानपीठ _c2004 |
||
| 300 |
_a221पृ. _ccm. |
||
| 942 |
_h/\3:864, 15P4 _cTEXL _2CC |
||
| 999 |
_c372395 _d372395 |
||